000 00691nam a2200265Ia 4500
001 14103
005 20240113235519.0
007 ta
008 051118s1925 a g b000 u 465 u
020 _cHB
040 _aCotton College Assam
041 _a465
082 _a511
_bL 482 El
100 _aLeathem, J.G..
245 0 _aElements of the Mathematical Theory of Limits /
_cJ.G.Leathem.
_hTextual Documents
250 _a1st ed. /
260 _aLondon :
_bG Bell & Sons ,
_c1925.
300 _a288p. :
_bill ;
_c22cm .
504 _aIndex
653 _aMathematical Theory
653 _aG-Mathematics
942 _2ddc
_cBK
999 _c14089
_d14089